LEADER 01267nam a2200289 i 4500 001 000000154588 003 CaOOAMICUS 005 20250114142659.0 008 061020s2006 gw u000 u ger u 013 $a131934 020 $a3-525-53081-1 040 $aSeMil$bita 100 1 $aBusch, Peter.$0(OLS)http://semarc/name/58933 245 10$aMagie in neutestamentlicher Zeit /$cPeter Busch. 260 $aGöttingen :$bVandenhoeck & Ruprecht,$c2006. 300 $a190 p. ;$c24 cm. 490 0 $aForschungen zur Religion und Literatur des Alten und Neuen Testaments ;$v218 650 4$aMagia e religione.$0(OLS)http://semarc/subject/12761 650 4$aBibbia - NT - Magia.$0(OLS)http://semarc/subject/30269 830 0$aForschungen zur Religion und Literatur des Alten und Neuen Testaments ;$v218.$0(OLS)http://semarc/title/298 850 $aSeMil 852 $aSeMil$W1$xVenegono$y1$m2XA S 218$j253806$B106446$CSeMilBibl$Z2$F115670 $81 961 $aSottoscrizione: Vandenhoeck & Ruprecht 996 $6020$a3-525-53081-1$9(OLS)http://semarc/number/144533 996 $6245$aMagie in neutestamentlicher Zeit$9(OLS)http://semarc/title/226245 996 $6260$aGöttingen :$bVandenhoeck & Ruprecht$9(OLS)http://semarc/publisher/29697 LEADER 01269nam a2200289 4500 001 000000366168 003 CaOOAMICUS 005 20260129104121.0 008 260128s2020 it a 000 u ita r 020 $a978-88-16-41630-7 040 $aSeMil$bita 245 00$aSpazio sacro e iconografia :$b limiti, sfide, responsabilità /$ca cura di François Boespflug ... [et. al.]. 264 1$aMilano :$bJaca Book,$c2020. 300 $a229 p. :$bill. ;$c24 cm 490 1 $aArte 650 4$aArchitettura sacra.$0(OLS)http://semarc/subject/8020 650 4$aChiese - Architettura.$0(OLS)http://semarc/subject/2743 650 4$aIconografia sacra.$0(OLS)http://semarc/subject/416 700 1 $aBoespflug, François,$c.$0(OLS)http://semarc/name/16076 830 0$aArte.$0(OLS)http://semarc/title/967 850 $aSeMil 852 $aSeMil$W1$xVenegono$y1$m3P III 603$j266768$B256936$CSeMilBibl$Z2$F256936 $81 961 $aBuzzi mons. Franco - Omaggio 996 $6020$a978-88-16-41630-7$9(OLS)http://semarc/number/305158 996 $6245$aSpazio sacro e iconografia :$b limiti, sfide, responsabilità$9(OLS)http://semarc/title/457876 996 $6264$aMilano :$bJaca Book$9(OLS)http://semarc/publisher/29781